<?xml version="1.0" encoding="UTF-8"?>
<record
    xmlns:xsi="http://www.w3.org/2001/XMLSchema-instance"
    xsi:schemaLocation="http://www.loc.gov/MARC21/slim http://www.loc.gov/standards/marcxml/schema/MARC21slim.xsd"
    xmlns="http://www.loc.gov/MARC21/slim">

  <leader>01649cam a2200265 i 4500</leader>
  <controlfield tag="001">991107456830306196</controlfield>
  <controlfield tag="005">20250311145329.0</controlfield>
  <controlfield tag="008">240112s2024    ne a   e b    000 0 eng d</controlfield>
  <datafield tag="020" ind1=" " ind2=" ">
    <subfield code="a">9789063697020</subfield>
    <subfield code="q">paperback</subfield>
  </datafield>
  <datafield tag="035" ind1=" " ind2=" ">
    <subfield code="a">(OCoLC)1465007956</subfield>
  </datafield>
  <datafield tag="035" ind1=" " ind2=" ">
    <subfield code="a">(OCoLC)on1465007956</subfield>
  </datafield>
  <datafield tag="040" ind1=" " ind2=" ">
    <subfield code="a">TOH</subfield>
    <subfield code="b">eng</subfield>
    <subfield code="e">rda</subfield>
    <subfield code="c">TOH</subfield>
    <subfield code="d">OCLCO</subfield>
    <subfield code="d">OQX</subfield>
    <subfield code="d">AKECL</subfield>
    <subfield code="d">YDX</subfield>
  </datafield>
  <datafield tag="050" ind1=" " ind2="4">
    <subfield code="a">HD6072.5</subfield>
    <subfield code="b">.B35 2024</subfield>
  </datafield>
  <datafield tag="100" ind1=" " ind2=" ">
    <subfield code="a">Baldwin, Abigail,</subfield>
    <subfield code="e">author.</subfield>
    <subfield code="9">24867</subfield>
  </datafield>
  <datafield tag="245" ind1="1" ind2="4">
    <subfield code="a">The brand power manifesto </subfield>
    <subfield code="b">: branding brilliance for female entrepreneurs </subfield>
    <subfield code="c">/ Abigail &amp; Chloe Baldwin.</subfield>
  </datafield>
  <datafield tag="264" ind1=" " ind2="1">
    <subfield code="a">Amsterdam, The Netherlands :</subfield>
    <subfield code="b">BIS Publishers,</subfield>
    <subfield code="c">[2024]</subfield>
  </datafield>
  <datafield tag="300" ind1=" " ind2=" ">
    <subfield code="a">180 pages :</subfield>
    <subfield code="b">illustrations (some colour) ;</subfield>
    <subfield code="c">24 cm</subfield>
  </datafield>
  <datafield tag="504" ind1=" " ind2=" ">
    <subfield code="a">Includes bibliographical references.</subfield>
  </datafield>
  <datafield tag="520" ind1=" " ind2=" ">
    <subfield code="a">"Are you a female entrepreneur aiming to reach your highest potential? Then this is the book you need! Authored and designed by Abigail and Chloe Baldwin--dynamic twin sisters and successful business owners--this book unveils a unique roadmap to building confidence and a strong personal brand. Drawing from their own entrepreneurial journey, the Baldwins intertwine personal anecdotes with a practical branding framework. Emphasizing teamwork, personal growth, and strategic business development, it offers ten actionable strategies for women to enhance their brand and elevate their business. Follow their framework, and you're not just boosting your profile--you're transforming your revenue"--Publisher website.</subfield>
  </datafield>
  <datafield tag="650" ind1=" " ind2="0">
    <subfield code="a">Branding (Marketing)</subfield>
    <subfield code="9">6284</subfield>
  </datafield>
  <datafield tag="650" ind1=" " ind2="0">
    <subfield code="a">Entrepreneurship</subfield>
    <subfield code="9">570</subfield>
  </datafield>
  <datafield tag="650" ind1=" " ind2="0">
    <subfield code="a">Businesswomen</subfield>
    <subfield code="9">11054</subfield>
  </datafield>
  <datafield tag="700" ind1=" " ind2=" ">
    <subfield code="a">Baldwin, Chloe,</subfield>
    <subfield code="e">author.</subfield>
    <subfield code="9">24868</subfield>
  </datafield>
  <datafield tag="942" ind1=" " ind2=" ">
    <subfield code="2">lcc</subfield>
  </datafield>
  <datafield tag="952" ind1=" " ind2=" ">
    <subfield code="0">0</subfield>
    <subfield code="1">0</subfield>
    <subfield code="2">lcc</subfield>
    <subfield code="4">0</subfield>
    <subfield code="7">0</subfield>
    <subfield code="a">TBS</subfield>
    <subfield code="b">TBS</subfield>
    <subfield code="d">2025-03-11</subfield>
    <subfield code="l">0</subfield>
    <subfield code="o">HD6072.5 BAL</subfield>
    <subfield code="p">B07511</subfield>
    <subfield code="r">2025-03-11</subfield>
    <subfield code="t">1</subfield>
    <subfield code="w">2025-03-11</subfield>
    <subfield code="y">1</subfield>
  </datafield>
  <datafield tag="999" ind1=" " ind2=" ">
    <subfield code="c">4522</subfield>
    <subfield code="d">4522</subfield>
  </datafield>
</record>
